Caracterización fenotípica de malezas Helianthus annuus L. interfiriendo cultivos de girasol CL /

Guardado en:
Autor Principal: Bongiovanni, Marcos.
Autor Corporativo: Universidad Nacional del Sur. Departamento de Agronomía.
Otros Autores: Cantamutto, Miguel A., (tutor.)
Formato: Libro
Idioma:Spanish
Publicado: Bahía Blanca, 2010.
Etiquetas: Agregar Etiqueta
Sin Etiquetas, Sea el primero en etiquetar este registro!
LEADER 00733nam a22001695a 4500
001 EEA.libagro008397
005 20170926113351.0
008 130809s2010####ag#a##########000#0#spa#d
082 0 4 |a 633.85 
100 1 |a Bongiovanni, Marcos. 
245 1 0 |a Caracterización fenotípica de malezas Helianthus annuus L. interfiriendo cultivos de girasol CL /  |c Marcos Bongiovanni. 
260 |a Bahía Blanca,  |c 2010. 
300 |a 50 h. :  |b il. ;  |c 30 cm. 
500 |a Trabajo de intensificación (Ingeniero Agrónomo) -- Universidad Nacional del Sur. Departamento de Agronomía, 2010. 
700 1 |a Cantamutto, Miguel A.,  |e tutor. 
710 2 |a Universidad Nacional del Sur.  |b Departamento de Agronomía. 
859 |a AR-BbBCA  |b BIB. AGRONOMIA  |h 633.85  |i B713  |p 2010/5810